000 00816nam a22002297a 4500
008 230404s2014 -hkao|||r|||| 00| 0 eng d
020 _a9789881367808
041 _aeng
100 _aPeacock, John
110 _aLangdon & Seah
245 _aQuantifying Asia
_b: a history of Langdon & Seah
260 _aHong Kong,
_bLangdon & Sean,
_c2014
300 _a198p.
500 _aDonated by RICS member Bill Jones
500 _aForeword by Seah Choo Meng. Compiled by John Peacock.
520 _aChronicles the journey taken by the founders of Langdon & Seah as it went from a solictary office in Singapore in 1933 to over 40 offices in 12 countries across Asia in 2014.
650 _aSURVEYING FIRMS
651 _aAsia
700 _aPeacock, John
710 _aLangdon & Seah
942 _n0
999 _c121449
_d121449